Návrh riešenia na zlepšenie systému údržby v podniku FM SLOVENSKÁ, s.r.o.

Salvato in:
Dettagli Bibliografici
Autore principale: Valovičová, Patrícia (Autore)
Altri autori: Mesárošová, Jana (Relatore della tesi)
Natura: Manoscritto Libro
Lingua:slovacco
Pubblicazione: 2024
Soggetti:
Accesso online:http://is.stuba.sk/zp/portal_zp.pl?podrobnosti=183783
Tags: Aggiungi Tag
Nessun Tag, puoi essere il primo ad aggiungerne!!

MARC

LEADER 00000ntm a22000003a 4500
001 stuzp98758
003 SK-STU
005 20240608212504.3
007 ta
008 150427s2015----xo-----f-mn---000-0-slo-d
040 |a STU  |b slo 
041 0 |a slo 
100 1 |a Valovičová, Patrícia  |u 064000  |k Z4  |4 aut  |U MTF Materiálovotechnologická fakulta  |T MTF Ústav priemyselného inžinierstva a manažmentu  |X 97145  |U M4000  |Y 84  |7 97145 
242 0 1 |a Proposal for maintenance system impovement in the company FM SLOVENSKÁ, s. r. o.  |y eng 
245 1 0 |a Návrh riešenia na zlepšenie systému údržby v podniku FM SLOVENSKÁ, s.r.o. 
260 |c 2024 
650 4 |a Údržba  |2 slo 
650 4 |a Totálne produktívna údržba  |2 slo 
650 4 |a autonómna údržba  |2 slo 
650 4 |a maintenance  |2 eng 
650 4 |a total productive maintenance  |2 eng 
650 4 |a automatic maintenance  |2 eng 
700 1 |a Mesárošová, Jana  |u 064000  |k Z1  |4 ths  |U MTF Materiálovotechnologická fakulta  |T MTF Ústav priemyselného inžinierstva a manažmentu  |X 33022  |U M4000  |Y 84  |7 A000033022 
856 4 |u http://is.stuba.sk/zp/portal_zp.pl?podrobnosti=183783 
996 |c M* DP-15456  |l MMSKP  |s P  |a 0  |w stuzp98758_0001